000 02233cam a22005774i 4500
003 PE-LiUPU
005 20250731180146.0
008 150706s r 000 0 d
020 _a9789682451010
035 _a(Sirsi) i9789682451010
040 _aPE-LiUPU
_bspa
_cPE-LiUPU
_erda
049 _aPRUA
082 0 4 _a519.5
_bS53
_221
100 1 _aSiegel, Sidney ,
_eautor.
245 1 0 _aEstadística no paramétrica :
_baplicada a las ciencias de la conducta /
_cSidney Siegel y N. John Castellan.
250 _a4a ed.
264 1 _aMéxico :
_bTrillas,
_c1995.
300 _a437 páginas :
_bilustraciones ;
_c23 cm.
336 _atext
_2rdacontent
337 _aunmediated
_2rdamedia
338 _avolume
_2rdacarrier
504 _aIncluye bibliografía.
505 0 _aEl uso de las pruebas estadísticas en la investigación.- Elección de la prueba estadística adecuada.- El caso de una muestra simple.- El caso de dos muestra medida dos veces y obtenida por medio de pares replicados -- Dos muestras independientes.- El caso de k muestras relacionadas.- El caso de k muestras independientes.- Las medidas de Asociación y sus pruebas de significación.
526 _aSEG44
526 _aSEG26
526 _aP159
526 _aP155
526 _aP154
526 _aP153
526 _aP150
526 _aP100
526 _aP31
526 _aP30
526 _aP26
526 _aP25
526 _aP24
526 _aP22
526 _aP15
526 _aP10
541 _g0013416;
650 0 4 _aEstadística no-paramétrica.
650 0 4 _aCiencias sociales
_xModelos matemáticos.
700 1 _aCastellan, N John,
_eautor.
700 1 _aAragón Borja, Laura Edna,
_etr.
910 _agl
_bjv
_cng
_d20120220
942 _2ddc
_cBOOK
949 _a519.5 S53
_wDEWEY
_c1
_i64303
_lCCODEBUL1
_mBUL
_p38.00
_r0
_sY
_tBOOK
_u2015-7-6
_xBIBLIOTECA
_PP57
_o.STAFF. Colección General
994 _aC0
_bPEPRU
596 _a1
999 _a519.5 S53
_wDEWEY
_c53091
_i64303
_d53091
_e2019-3-10
_f2021-11-5
_g5
_lCCODEBUL1
_mBUL
_n1
_p38.00
_r0
_sY
_tBOOK
_u2015-7-6
_xBIBLIOTECA
_PP57
_0COMPRA
_o.STAFF. Colección General
980 _81
_gALBERTO SANCHEZ Responsable de Automatización